| 000 | 00739nam a2200217 u 4500 | ||
|---|---|---|---|
| 005 | 20240910063927.0 | ||
| 008 | 110926s2004 r 000 0 eng d | ||
| 020 | _a9702904560 | ||
| 035 | _aUPN01000181929 | ||
| 049 | _aI | ||
| 050 | 4 |
_aPZ76.3 _bE5.7 |
|
| 100 | 1 |
_aEnde, Michael, _d1929-1995 _930965 |
|
| 245 | 1 | 0 |
_aTranquila Tragaleguas : _bla tortuga cabezota / _cMichael Ende ; il. Agustí Asensio ; tr. María Teresa López. |
| 260 |
_aMéxico : _bSantillana, _c2004. |
||
| 300 |
_a[44] p. : _bil. col. |
||
| 440 | 0 |
_aAlfaguara infantil. _pDesde 6 años |
|
| 534 |
_pTítulo original: _tTranquila Trampeltreu |
||
| 650 | 4 |
_aTORTUGAS - _vLITERATURA INFANTIL _98591 |
|
| 650 | 4 |
_aCuentos infantiles alemanes _98589 |
|
| 905 | _aInfantil | ||
| 999 |
_c154032 _d154032 |
||